O evropské integraci, bezpečnosti a spolupráci bibliografie prací z produkce ÚMV 1990-1996

Bibliographic Details
Main Author: Krátký, Karel, 1930- (Author)
Format: Book
Language:Czech
PhysicalDescription:75 s. 21 cm
Published: Praha Ústav mezinárodních vztahů 1996
Subjects:

MARC

LEADER 00000nam a2200000 a 4500
001 vtls001274471
003 SK-MaSNL
005 20260302065607.0
008 251124s1996 xr 0 cze
020 |c [30,00] 
035 |a SNK000225655 
040 |a SNK  |b slo  |c SNK  |e AACR2 
044 |a xr  |c CZ 
080 |a 339(4)"199":016  |2 1981 
080 |a 327.56(4)"199":016  |2 1981 
100 1 |a Krátký, Karel,  |d 1930-  |4 aut  |9 198904 
245 1 0 |a O evropské integraci, bezpečnosti a spolupráci  |b bibliografie prací z produkce ÚMV 1990-1996  |c sestavil Karel Krátky 
260 |a Praha  |b Ústav mezinárodních vztahů  |c 1996 
300 |a 75 s.  |c 21 cm 
650 0 7 |a integrácia európska  |y stor. 20. (kon.)  |x bibliografie  |2 SNK  |9 729098 
650 0 7 |a bezpečnosť európska  |y stor. 20. (kon.)  |x bibliografie  |2 SNK  |9 729099 
650 0 7 |a spolupráca európska  |y stor. 20. (kon.)  |x bibliografie  |2 SNK  |9 729100 
999 |c 1142864  |d 1144794 
952 |t P60, <04>, [BOOK], {604}  |a SNK  |b SNK  |y VYP  |7 0  |p 17A0032939  |o snkIC 126406  |i snkV 560/97  |0 0  |1 0  |4 0  |d 1997-02-04  |l 0  |r 2005-01-02 00:00:00  |w 2026-02-24